书目信息 |
| 题名: |
化学
|
|
| 作者: | 王晶 , 郑长龙 总主编 ;毕华林 册主编 ;人民教育出版社 编著 | |
| 分册: | 第一册 必修 | |
| 出版信息: | 北京 人民教育出版社 2019 |
|
| 页数: | 122页 | |
| 开本: | 30cm | |
| 丛书名: | ||
| 单 册: | ||
| 中图分类: | G634.81 , G634.8 | |
| 科图分类: | ||
| 主题词: | 中学化学课--Zhong Xue Hua Xue Ke--教材 | |
| 电子资源: | ||
| ISBN: | 978-7-107-33574-7 | |
| 000 | 00961nam0 2200277 450 | |
| 001 | 009846213 | |
| 005 | 20241125110806.80 | |
| 010 | @a978-7-107-33574-7@dCNY10.45 | |
| 100 | @a20241025d2019 em y0chiy50 ea | |
| 101 | 0 | @achi |
| 102 | @aCN@b110000 | |
| 105 | @aa z 000yy | |
| 106 | @ar | |
| 200 | 1 | @a化学@AHua Xue@i必修@h第一册@f人民教育出版社课程教材研究所化学课程教材研究开发中心编著 |
| 210 | @a北京@c人民教育出版社@d2019@h2024重印 | |
| 215 | @a122页@c图@d30cm | |
| 300 | @a普通高中教科书 | |
| 606 | 0 | @a中学化学课@AZhong Xue Hua Xue Ke@j教材 |
| 690 | @aG634.81@v5 | |
| 690 | @aG634.8@v4 | |
| 701 | 0 | @a王晶@AWang Jing@4总主编@4册主编@4编写 |
| 701 | 0 | @a郑长龙@AZheng Chang Long@f(1964.1-)@4总主编 |
| 702 | 0 | @a毕华林@ABi Hua Lin@f(1965-)@4册主编 |
| 712 | 02 | @a人民教育出版社@ARen Min Jiao Yu Chu Ban She@b课程教材研究所@b化学课程教材研究开发中心@4编著 |
| 801 | 0 | @aCN@bAHXH@c20241025 |
| 905 | @b214149456@b214149447@dG634.8@e2843:1@f2 | |
| 化学.必修.第一册/人民教育出版社课程教材研究所化学课程教材研究开发中心编著.-北京:人民教育出版社,2019(2024重印) |
| 122页:图;30cm |
| 普通高中教科书 |
| ISBN 978-7-107-33574-7:CNY10.45 |
| ● |
| 相关链接 |
|
|
|
|
正题名:化学
索取号:G634.8/2843:1
 
预约/预借
| 序号 | 登录号 | 条形码 | 馆藏地/架位号 | 状态 | 备注 |
| 1 | 1414944 | 214149447 | 第一样本阅览室/ [索取号:G634.8/2843:1] | 在馆 | |
| 2 | 1414945 | 214149456 | 第四借阅区/ [索取号:G634.8/2843:1] | 在馆 |